000 00607nam a2200193 i 4500
001 76006
003 ES-MaACL
005 20250805062605.0
007 t|
008 040928s1960 sp |||| | spa d
100 1 _aGuardini, Romano.
_960319
245 1 3 _aEl hombre incompleto y el poder /
_cRomano Guardini ; lo tradujo del alemán, José María Valverde.
260 _aMadrid :
_bGuadarrama,
_c[1960]
300 _a31 p. ;
_c25 cm.
650 7 _aSociología
_2embne
_917195
700 1 _aValverde, José María,
_d1926-1996
_9113013
852 _aES-MaACL
_j2027-F-25
999 _c76006
_d76006